| 000 | 00478cam a2200193 4500 | ||
|---|---|---|---|
| 001 | D6581 | ||
| 008 | 090401t1983 xxu||||| |||| 00| 0 eng d | ||
| 035 | _a(Sirsi) u94065 | ||
| 041 | _aeng | ||
| 050 | _a692.5 | ||
| 100 | _aWheatley, N.R. | ||
| 245 | _aLaxton`s building price book 1984 | ||
| 250 | _a156th | ||
| 260 |
_aEast Grinstead, W Sussex _bThomas Skinner Directories _c1983 |
||
| 300 | _axxxii. 831p. 22cm | ||
| 350 | _a24.95 | ||
| 942 | _n0 | ||
| 948 | _c04/03/1997 | ||
| 999 |
_c97890 _d97890 |
||